Handbook of mathematics (Record no. 543505)

000 -LEADER
fixed length control field 00923cam a2200217K 4500
082 04 - DEWEY DECIMAL CLASSIFICATION NUMBER
Classification number 510
Author Mark HUN
-- l-2, P-17
100 1# - MAIN ENTRY--PERSONAL NAME
Personal name Huntington, E. V.
9 (RLIN) 38883
245 10 - TITLE STATEMENT
Title Handbook of mathematics
Statement of responsibility, etc. by Edward V. Huntington, with tables of weights and measures by H.W. Bearce. Reprint of sections 1 and 2 of L.S. Marks's "Mechanical engineers' handbook."
250 ## - EDITION STATEMENT
Edition statement 3rd ed.
260 ## - PUBLICATION, DISTRIBUTION, ETC.
Place of publication, distribution, etc. New York,
-- London,
Name of publisher, distributor, etc. McGraw-Hill Book Co.,
Date of publication, distribution, etc. 1943.
300 ## - PHYSICAL DESCRIPTION
Extent 1 online resource (vii, 189 p. incl. illus. tables, diagrs.)
500 ## - GENERAL NOTE
General note "Weights and measures revised by H.W. Bearce (Originally prepared by Louis A. Fischer)."
526 ## - STUDY PROGRAM INFORMATION NOTE
Program name 0
Interest level 0
Reading level 0
Title point value 510_000000000000000_HUN
650 #0 - SUBJECT ADDED ENTRY--TOPICAL TERM
Topical term or geographic name entry element Engineering
650 #0 - SUBJECT ADDED ENTRY--TOPICAL TERM
Topical term or geographic name entry element Mathematics.
650 #0 - SUBJECT ADDED ENTRY--TOPICAL TERM
Topical term or geographic name entry element MCE
9 (RLIN) 379
700 1# - ADDED ENTRY--PERSONAL NAME
Personal name Bearce, Henry Walter,
9 (RLIN) 38884
700 1# - ADDED ENTRY--PERSONAL NAME
Personal name Fischer, Louis Albert,
9 (RLIN) 38885
856 40 - ELECTRONIC LOCATION AND ACCESS
Uniform Resource Identifier <a href="http://catalog.hathitrust.org/api/volumes/oclc/3149429.html">http://catalog.hathitrust.org/api/volumes/oclc/3149429.html</a>
942 ## - ADDED ENTRY ELEMENTS (KOHA)
Source of classification or shelving scheme
Koha item type Book
Holdings
Withdrawn status Lost status Source of classification or shelving scheme Damaged status Not for loan Permanent Location Current Location Date acquired Total Checkouts Full call number Barcode Date last seen Price effective from Koha item type
          Military College of Engineering (MCE) Military College of Engineering (MCE) 03/26/2014   510 HUN MCE-29120 03/26/2014 03/26/2014 Book
© 2023 Central Library, National University of Sciences and Technology. All Rights Reserved.